| 000 | 00973nam a2200289 i 4500 | ||
|---|---|---|---|
| 001 | 86052 | ||
| 003 | ES-MaACL | ||
| 005 | 20230906175350.0 | ||
| 007 | t| | ||
| 008 | 041207s1971 sp a ||||1| spa d | ||
| 080 | _a929:75 Gris, Juan | ||
| 100 | 1 |
_aKahnweiler, Daniel-Henry. _967430 |
|
| 245 | 1 | 0 |
_aJuan Gris : _bvida y pintura / _cDaniel-Henry Kahnweiler ; [traducción de Concepción Falcón Rodríguez]. |
| 250 | _a1ª ed. | ||
| 260 |
_a[Madrid] : _bDirección General de Bellas Artes, _c1971. |
||
| 300 |
_a405 p. : _bil. col. y n. ; _c31 cm. |
||
| 490 | 1 |
_aArte de España ; _v3 |
|
| 500 | _aÍndice. | ||
| 504 | _aBibliografía: p. 377-388. | ||
| 600 | 1 | 4 |
_aGris, Juan. _960081 |
| 700 | 1 |
_aFalcón Rodríguez, Concepción. _948716 |
|
| 710 | 1 |
_aEspaña. _bDirección General de Bellas Artes. _93704 |
|
| 830 | 1 |
_aArte de España ; _v3 _9183902 |
|
| 852 | 4 |
_aES-MaACL _jE-8785 |
|
| 852 | 4 |
_aES-MaACL _jE-13534 _xOlim P-1448 |
|
| 999 |
_c86052 _d86052 |
||